Web engineering: <a> practitioner's approach

Guardado en:
Detalles Bibliográficos
Autor principal: Pressman, Roger S.
Otros Autores: Lowe, David
Formato: Libro
Lenguaje:inglés
Publicado: New York McGraw-Hill 2009
Edición:International edition
Materias:
Etiquetas: Agregar Etiqueta
Sin Etiquetas, Sea el primero en etiquetar este registro!

MARC

LEADER 00000nam$a2200000$$$4500
001 0104496
005 20240306140042.8
020 |a 978-007-126377-1 
041 0 |a eng 
044 |a US 
245 1 0 |a Web engineering: <a> practitioner's approach  |c Roger S. Pressman, David Lowe 
250 |a International edition 
264 1 |a New York  |b McGraw-Hill  |c 2009 
300 |a 458 s. 
610 2 0 |a siete počítačové 
610 2 0 |a systémy počítačové 
610 2 0 |a využitie počítačov 
610 2 0 |a jazyky programovacie 
610 2 0 |a báza dát 
610 2 0 |a služby digitálne 
610 2 0 |a systémy operačné 
610 2 0 |a softvér 
610 2 0 |a modelovanie 
610 2 0 |a štúdie prípadové 
100 1 |a Pressman, Roger S. 
700 1 |a Lowe, David